Normal view
MARC view
- اعداد القضاة، أحمد محمد، الطوالبة، عبدالله
Entry Personal Name
001 - CONTROL NUMBER
- control field: 41159
003 - CONTROL NUMBER IDENTIFIER
- control field: JO-AjAnu
005 - DATE AND TIME OF LATEST TRANSACTION
- control field: 20230606080834.0
008 - FIXED-LENGTH DATA ELEMENTS
- fixed length control field: 230606|| aca||aabn | a|a d
040 ## - CATALOGING SOURCE
- Original cataloging agency: JO-AjAnu
- Transcribing agency: JO-AjAnu
100 ## - HEADING--PERSONAL NAME
- Personal name: اعداد القضاة، أحمد محمد، الطوالبة، عبدالله
670 ## - SOURCE DATA FOUND
- Source citation: Work cat.: (JO-AjAnu)21094: اعداد القضاة، أحمد محمد، الطوالبة، عبدالله, author, الأردن: الكتاب السنوي 1993